| 000 | 00394 a2200133 4500 | ||
|---|---|---|---|
| 999 |
_c5509 _d5509 |
||
| 020 | _a0335191185 | ||
| 050 | _aRA418.C34WEB1993 | ||
| 245 |
_aCaring for health : _bhistory and diversity / _cedited by Charles Webster |
||
| 264 |
_aBuckingham: _b Open University, _cc2001 |
||
| 300 | _a224p. : | ||
| 500 | _aincludes index | ||
| 650 | _aMedical care -- History. | ||
| 942 |
_2lcc _cBK _h418.C34 _iCAR _kRA |
||